| 000 -LEADER |
| fixed length control field |
01715cam a22003614a 4500 |
| 001 - CONTROL NUMBER |
| control field |
15565190 |
| 003 - CONTROL NUMBER IDENTIFIER |
| control field |
Nust |
| 005 - DATE AND TIME OF LATEST TRANSACTION |
| control field |
20220829115354.0 |
| 008 - FIXED-LENGTH DATA ELEMENTS--GENERAL INFORMATION |
| fixed length control field |
081222s2009 nyu 000 1 eng |
| 010 ## - LIBRARY OF CONGRESS CONTROL NUMBER |
| LC control number |
2008054625 |
| 020 ## - INTERNATIONAL STANDARD BOOK NUMBER |
| International Standard Book Number |
9780718154455 |
| Terms of availability |
Rs. 916 |
| 035 ## - SYSTEM CONTROL NUMBER |
| System control number |
(OCoLC)ocn233548226 |
| 038 ## - RECORD CONTENT LICENSOR |
| Staff Name |
Arshad |
| 040 ## - CATALOGING SOURCE |
| Original cataloging agency |
DLC |
| Transcribing agency |
DLC |
| Modifying agency |
BTCTA |
| -- |
BAKER |
| -- |
YDXCP |
| -- |
DOV |
| -- |
WIM |
| -- |
IHE |
| -- |
LF3 |
| -- |
P@N |
| -- |
UPZ |
| -- |
LEO |
| -- |
WIQ |
| -- |
C#P |
| -- |
VP@ |
| -- |
CDX |
| -- |
XY4 |
| -- |
OCLCQ |
| -- |
DLC |
| 042 ## - AUTHENTICATION CODE |
| Authentication code |
lcac |
| 050 00 - LIBRARY OF CONGRESS CALL NUMBER |
| Classification number |
PS3553.U75 |
| Item number |
C67 2009b |
| 082 00 - DEWEY DECIMAL CLASSIFICATION NUMBER |
| Classification number |
823 |
| Author Mark |
CUS |
| 100 1# - MAIN ENTRY--PERSONAL NAME |
| Personal name |
Cussler, Clive. |
| 9 (RLIN) |
12104 |
| 245 10 - TITLE STATEMENT |
| Title |
Corsair : |
| Remainder of title |
a novel of the Oregon files / |
| Statement of responsibility, etc. |
Clive Cussler with Jack Du Brul. |
| 260 ## - PUBLICATION, DISTRIBUTION, ETC. |
| Place of publication, distribution, etc. |
New York : |
| Name of publisher, distributor, etc. |
G.P. Putnam's Sons, |
| Date of publication, distribution, etc. |
2009. |
| 300 ## - PHYSICAL DESCRIPTION |
| Extent |
437 p. ; |
| Dimensions |
24 cm. |
| 520 ## - SUMMARY, ETC. |
| Summary, etc. |
When the U.S. secretary of state's plane crashes while bringing her to a summit meeting in Libya, the CIA, distrusting the Libyans, hire Juan Cabrillo to search for her--in a manhunt that pits him against Islamic terrorists and a search for answers regarding a centuries-old Islamic manuscript. |
| 650 #0 - SUBJECT ADDED ENTRY--TOPICAL TERM |
| Topical term or geographic name entry element |
Cabrillo, Juan (Fictitious character) |
| Form subdivision |
Fiction. |
| 9 (RLIN) |
12145 |
| 650 #1 - SUBJECT ADDED ENTRY--TOPICAL TERM |
| Topical term or geographic name entry element |
Missing women |
| Form subdivision |
Fiction. |
| 9 (RLIN) |
12146 |
| 650 #1 - SUBJECT ADDED ENTRY--TOPICAL TERM |
| Topical term or geographic name entry element |
Libya |
| Form subdivision |
Fiction. |
| 9 (RLIN) |
12147 |
| 655 #7 - INDEX TERM--GENRE/FORM |
| Genre/form data or focus term |
Suspense fiction. |
| Source of term |
gsafd |
| 9 (RLIN) |
4577 |
| 700 1# - ADDED ENTRY--PERSONAL NAME |
| Personal name |
Du Brul, Jack B. |
| 9 (RLIN) |
12148 |
| 856 42 - ELECTRONIC LOCATION AND ACCESS |
| Materials specified |
Publisher description |
| Uniform Resource Identifier |
<a href="http://www.loc.gov/catdir/enhancements/fy0906/2008054625-d.html">http://www.loc.gov/catdir/enhancements/fy0906/2008054625-d.html</a> |
| 856 42 - ELECTRONIC LOCATION AND ACCESS |
| Materials specified |
Contributor biographical information |
| Uniform Resource Identifier |
<a href="http://www.loc.gov/catdir/enhancements/fy0913/2008054625-b.html">http://www.loc.gov/catdir/enhancements/fy0913/2008054625-b.html</a> |
| 906 ## - LOCAL DATA ELEMENT F, LDF (RLIN) |
| a |
7 |
| b |
cbc |
| c |
orignew |
| d |
1 |
| e |
ecip |
| f |
20 |
| g |
y-gencatlg |
| 942 ## - ADDED ENTRY ELEMENTS (KOHA) |
| Source of classification or shelving scheme |
|
| Koha item type |
Book |